La Navidad / (Record no. 27572)

MARC details
000 -LEADER
fixed length control field 00672nam a22002417a 4500
001 - CONTROL NUMBER
control field sjds
003 - CONTROL NUMBER IDENTIFIER
control field sjds
005 - DATE AND TIME OF LATEST TRANSACTION
control field 20221220111230.0
008 - FIXED-LENGTH DATA ELEMENTS--GENERAL INFORMATION
fixed length control field 221220b sp ||||| |||| 00| 0 spa d
020 ## - INTERNATIONAL STANDARD BOOK NUMBER
International Standard Book Number 9788434854833
020 ## - INTERNATIONAL STANDARD BOOK NUMBER
International Standard Book Number 843485483X
040 ## - CATALOGING SOURCE
Transcribing agency sjds
041 ## - LANGUAGE CODE
Language code of text/sound track or separate title spa
100 1# - MAIN ENTRY--PERSONAL NAME
Personal name Valat, Pierre-Marie
245 13 - TITLE STATEMENT
Title La Navidad /
Statement of responsibility, etc. Pierre-Marie Valat, Gallimard Jeunesse (Publisher)
246 ## - VARYING FORM OF TITLE
Title proper/short title La Navidad
260 ## - PUBLICATION, DISTRIBUTION, ETC. (IMPRINT)
Place of publication, distribution, etc. Madrid :
Name of publisher, distributor, etc. Ediciones SM,
Date of publication, distribution, etc. c1997
300 ## - PHYSICAL DESCRIPTION
Extent 1 volume (unpaged) :
Other physical details color illustrations ;
Dimensions 19 cm
440 ## - SERIES STATEMENT/ADDED ENTRY--TITLE
Title Mundo maravilloso
500 ## - GENERAL NOTE
General note <br/>"De 3 a 7 anos"--Page 4 of cover.
710 ## - ADDED ENTRY--CORPORATE NAME
Corporate name or jurisdiction name as entry element Gallimard Jeunesse
942 ## - ADDED ENTRY ELEMENTS (KOHA)
Koha item type Libro/Book
Holdings
Withdrawn status Lost status Damaged status Not for loan Home library Current library Date acquired Inventory number Total Checkouts Full call number Barcode Checked out Date last seen Date checked out Price effective from Koha item type
        San Juan Del Sur -- Mobile La Cuesta 20/12/2022 Inventory date: 27-2-25 7 JNC 33016838 24/04/2026 20/03/2026 20/03/2026 20/12/2022 Libro/Book

Powered by Koha